[Event "XIV ch-Gdansk Int 2012"]
[Site "Gdansk POL"]
[Date "2012.07.23"]
[Round "3.42"]
[White "Czerwinski,Bogumil"]
[Black "Tamon,Radoslaw"]
[Result "1-0"]
[WhiteElo "1739"]
[BlackElo "1623"]

1.e4 e5 2.Nf3 Nc6 3.Bb5 a6 4.Ba4 d6 5.h3 Be7 6.O-O Nf6 7.Re1 O-O 8.c3 b5
9.Bb3 Bb7 10.d4 h6 11.d5 Na5 12.Bc2 Nc4 13.Nbd2 Nxd2 14.Bxd2 c6 15.dxc6 Bxc6
16.Re3 Nh7 17.Nh2 Bg5 18.Rg3 Bh4 19.Re3 Bg5 20.Re2 Qe7 21.g3 Bxd2 22.Qxd2 Rad8
23.Rd1 Ng5 24.Kg2 d5 25.Qe3 Nxe4 26.f3 Nf6 27.Qxe5 Qxe5 28.Rxe5 Rfe8 29.Rde1 Rxe5
30.Rxe5 Kf8 31.Kf2 Re8 32.Rxe8+ Nxe8 33.Ke3 Ke7 34.Kf4 Kd6 35.b4 g6 36.Ng4 g5+
37.Ke3 h5 38.Nf2 Ng7 39.f4 f6 40.fxg5 fxg5 41.h4 Ne6 42.hxg5 Nxg5 43.Bg6 Bd7
44.Bxh5 Nh7 45.Kf4 Nf6 46.g4 Ne8 47.Bxe8 Bxe8 48.g5 Bf7 49.a3 Bg6 50.Ng4 Bf7
51.Ne5 Be6 52.g6 Ke7 53.Kg5 Kd6 54.Kf6 d4 55.cxd4 Kd5 56.Nf7  1-0

[Event "23rd Czech Open A"]
[Site "Pardubice CZE"]
[Date "2012.07.23"]
[Round "4.70"]
[White "Michalczak,T"]
[Black "Sabuk,P"]
[Result "1-0"]
[WhiteElo "2364"]
[BlackElo "2170"]

1.e4 e5 2.Nf3 Nc6 3.Bb5 a6 4.Ba4 Nf6 5.O-O Be7 6.Re1 b5 7.Bb3 d6 8.c3 O-O
9.h3 Bb7 10.d4 Re8 11.Nbd2 Bf8 12.Ng5 Re7 13.d5 Nb8 14.Nf1 Nbd7 15.Ng3 g6
16.h4 h6 17.Nf3 h5 18.Bg5 Bg7 19.Qd2 Rc8 20.Rad1 Nc5 21.Bc2 c6 22.b4 Ncd7
23.dxc6 Rxc6 24.Bb3 Nb6 25.Bxf6 Bxf6 26.Qh6 Nc4 27.Nxh5 Rd7 28.Nxf6+ Qxf6
29.h5 Qg7 30.Qxg7+ Kxg7 31.Bxc4  1-0

[Event "23rd Czech Open A"]
[Site "Pardubice CZE"]
[Date "2012.07.27"]
[Round "8.7"]
[White "Kravtsiv,M"]
[Black "Zilka,S"]
[Result "1-0"]
[WhiteElo "2582"]
[BlackElo "2517"]

1.e4 e5 2.Nf3 Nc6 3.Bb5 a6 4.Ba4 Nf6 5.O-O Be7 6.Re1 b5 7.Bb3 d6 8.c3 O-O
9.h3 Bb7 10.d4 Re8 11.Nbd2 Bf8 12.a4 h6 13.Bc2 exd4 14.Nxd4 Nxd4 15.cxd4 c5
16.d5 b4 17.a5 Nd7 18.Nc4 f5 19.Bf4 Nf6 20.exf5 Nxd5 21.Bxd6 Qg5 22.Bg3 Rad8
23.h4 Qf6 24.Qh5 g6 25.Qxg6+  1-0

[Event "XIV ch-Gdansk Int 2012"]
[Site "Gdansk POL"]
[Date "2012.07.29"]
[Round "9.43"]
[White "Bieszk,Stanislaw"]
[Black "Garbowski,Jakub"]
[Result "0-1"]
[WhiteElo "1700"]
[BlackElo "1572"]

1.e4 e5 2.Nf3 Nc6 3.Bb5 a6 4.Ba4 Nf6 5.O-O Be7 6.Re1 b5 7.Bb3 O-O 8.c3 d6
9.h3 Bb7 10.d4 h6 11.Nbd2 Re8 12.Nf1 Bf8 13.Ng3 g6 14.a4 Bg7 15.Qd3 Na5 16.Bc2 Qd7
17.dxe5 dxe5 18.Qxd7 Nxd7 19.Rd1 Nb6 20.b4 Nc6 21.a5 Nc4 22.Nd2 Nxd2 23.Bxd2 Rad8
24.Be3 Bf8 25.Bb3 Ne7 26.Bc5 Nc8 27.Bxf8 Kxf8 28.f3 Nd6 29.Kf2 Ke7 30.Ke2 Bc8
31.Nf1 Be6 32.Bd5 Bxd5 33.Rxd5 f6 34.Rad1 c6 35.Rc5 Rc8 36.Nd2 Nb7 37.Nb3 Red8
38.Rxd8 Kxd8 39.Ke3 Kd7 40.f4 Kd6 41.g4 Rh8 42.c4 Nxc5 43.Nxc5 bxc4 44.Nxa6 c5
45.bxc5+ Kc6 46.Nb4+ Kxc5 47.Nd5  0-1

[Event "16th Izmailov Mem"]
[Site "Tomsk RUS"]
[Date "2012.08.11"]
[Round "5.7"]
[White "Gutov,A"]
[Black "Denisov,L"]
[Result "1/2-1/2"]
[WhiteElo "2413"]
[BlackElo "2346"]

1.e4 e5 2.Nf3 Nc6 3.Bb5 a6 4.Ba4 Nf6 5.O-O Be7 6.Re1 b5 7.Bb3 d6 8.c3 O-O
9.h3 Re8 10.Ng5 Rf8 11.Nf3 Bb7 12.d4 Re8 13.Ng5 Rf8 14.Nf3 Re8 15.Ng5 Rf8
16.Nf3 Re8 17.Ng5  1/2-1/2

[Event "12th World Uni Men"]
[Site "Guimaraes POR"]
[Date "2012.08.20"]
[Round "1.13"]
[White "Rojas Alarcon,J"]
[Black "Silva,Luc"]
[Result "1-0"]
[WhiteElo "2344"]
[BlackElo "1938"]

1.e4 e5 2.Nf3 Nc6 3.Bb5 a6 4.Ba4 Nf6 5.O-O Be7 6.Re1 b5 7.Bb3 d6 8.c3 O-O
9.h3 Bb7 10.d4 Re8 11.Nbd2 Bf8 12.Bc2 h6 13.a4 exd4 14.cxd4 Nb4 15.Bb1 c5
16.d5 Nd7 17.Nf1 f5 18.exf5 Nf6 19.Ra3 Nbxd5 20.Rxe8 Qxe8 21.Bd2 Ne4 22.Nh4 Nxd2
23.Qxd2 Be7 24.Be4 Qf7 25.Ng6 Bg5 26.Qe2 b4 27.Rg3 Rb8 28.Rxg5 hxg5 29.Qh5 Qe8
30.Bxd5+ Bxd5 31.Ne3 Ba2 32.f6 Kf7 33.Qxg5 gxf6 34.Qh5 Kg8 35.Nf5 Qe1+ 36.Kh2 Kf7
37.Nf4+ Kf8 38.Qh8+  1-0

[Event "12th World Uni Women"]
[Site "Guimaraes POR"]
[Date "2012.08.21"]
[Round "3.8"]
[White "Rothebarth,A"]
[Black "Anu,B"]
[Result "1-0"]
[WhiteElo "2001"]
[BlackElo "2036"]

1.e4 e5 2.Nf3 Nc6 3.Bb5 a6 4.Ba4 Nf6 5.O-O Be7 6.Re1 b5 7.Bb3 O-O 8.h3 Bb7
9.c3 d6 10.d3 Na5 11.Bc2 c5 12.Nbd2 Re8 13.Nf1 Bf8 14.Bg5 h6 15.Bh4 Nc6 16.Ne3 Nb8
17.Qd2 Nbd7 18.Rad1 Qc7 19.Nf5 Kh7 20.Bb3 d5 21.exd5 Bxd5 22.Bxd5 Nxd5 23.Bg3 g6
24.Ne3 Nxe3 25.Rxe3 Bd6 26.Rde1 f5 27.Qe2 Rad8 28.Bxe5 Nxe5 29.Nxe5 Bxe5
30.Rxe5 Rxe5 31.Qxe5 Qxe5 32.Rxe5 Rxd3 33.Rxc5 Rd2 34.Rc7+ Kg8 35.Rc6 Kg7
36.Rxa6 Rxb2 37.Rb6 Rc2 38.Rxb5 Rxc3 39.Rb2 Rc1+ 40.Kh2 Kf6 41.Kg3 Rc3+ 42.f3 Kg5
43.Kf2 Kh4 44.Rb4+ Kg5 45.a4 Rc2+ 46.Kg3 Rc3 47.Rb5 Ra3 48.a5 Ra4 49.Rc5 Ra3
50.h4+ Kf6 51.Rc6+ Kg7 52.a6 Ra4 53.Rc7+ Kf6 54.a7 f4+ 55.Kf2 Ra2+ 56.Ke1 h5
57.Kd1 Ke5 58.Kc1 Kd4 59.Kb1 Ra6 60.Kb2 Kd5 61.Kb3 Kd6 62.Rg7 Kc5 63.Rxg6 Rxa7
64.Rg5+ Kd4 65.Rxh5 Ke3 66.Rg5 Rc7 67.h5 Kf2 68.Kb4 Rc1 69.h6 Ke3 70.h7 Rh1
71.Rg7 Kd4 72.Rd7+ Ke5 73.Kc3 Kf6 74.Ra7 Rc1+ 75.Kd3 Rh1 76.Ke4 Rh4 77.h8=Q+ Rxh8
78.Kxf4 Rh4+ 79.g4 Rh1 80.g5+ Kg6 81.Ra6+ Kg7 82.Kf5 Rb1 83.Ra7+ Kg8 84.f4 Rc1
85.Kg6 Rc6+ 86.Kh5 Rc1 87.f5 Rb1 88.Kg6 Rb6+ 89.f6 Rb8 90.Rg7+ Kh8 91.Rh7+ Kg8
92.f7+  1-0

[Event "EY Girls U18 2012"]
[Site "Prague CZE"]
[Date "2012.08.22"]
[Round "6.24"]
[White "Machlik,Edit"]
[Black "Mabille,N"]
[Result "1-0"]
[WhiteElo "1740"]
[BlackElo "1853"]

1.e4 e5 2.Nf3 Nc6 3.Bb5 a6 4.Ba4 Nf6 5.O-O b5 6.Bb3 Be7 7.Re1 O-O 8.h3 d6
9.c3 Bb7 10.d3 Na5 11.Bc2 c5 12.Nbd2 Qc7 13.Nf1 h6 14.Ng3 Rfe8 15.d4 cxd4
16.cxd4 Rac8 17.Bb1 Bd8 18.Nf5 Re6 19.a4 Qd7 20.Ba2 Nc4 21.b3 Na5 22.d5 Re8
23.Ba3 Be7 24.Qd2 Qc7 25.Bb4  1-0

[Event "EY Boys U14 2012"]
[Site "Prague CZE"]
[Date "2012.08.22"]
[Round "6.4"]
[White "Sadikhov,U"]
[Black "Vavulin,M"]
[Result "1-0"]
[WhiteElo "2171"]
[BlackElo "2292"]

1.e4 e5 2.Nf3 Nc6 3.Bb5 a6 4.Ba4 Nf6 5.O-O Be7 6.Re1 b5 7.Bb3 O-O 8.c3 d6
9.h3 Re8 10.Ng5 Rf8 11.Nf3 Bb7 12.d4 Re8 13.Ng5 Rf8 14.Nf3 Nd7 15.Nbd2 Bf6
16.Nf1 exd4 17.cxd4 Re8 18.Ng3 Na5 19.Bc2 g6 20.b3 c5 21.Be3 Nc6 22.Rc1 Qe7
23.Bb1 Rad8 24.d5 Nce5 25.Nh2 Bh4 26.Nhf1 Nb6 27.f4 Ned7 28.Qg4 Bf6 29.Bf2 Bg7
30.Ne3 Nf6 31.Qf3 Bc8 32.b4 h5 33.bxc5 dxc5 34.d6 Rxd6 35.e5 Re6 36.exf6 Qxf6
37.Ne4 Qb2 38.f5 Re5 39.fxg6 fxg6 40.Nf6+ Bxf6 41.Qxf6 R8e6 42.Qd8+ Kg7 43.Qc7+ Bd7
44.Rcd1 c4 45.Nf5+ Kg8 46.Rxe5 Qxe5 47.Qd8+ Be8 48.Re1  1-0

[Event "EY Boys U18 2012"]
[Site "Prague CZE"]
[Date "2012.08.24"]
[Round "8.34"]
[White "Konvicka,Martin"]
[Black "Sosovicka,J"]
[Result "1-0"]
[WhiteElo "1937"]
[BlackElo "2108"]

1.e4 e5 2.Nf3 Nc6 3.Bb5 a6 4.Ba4 Nf6 5.O-O Be7 6.Re1 b5 7.Bb3 d6 8.c3 O-O
9.h3 Bb7 10.d4 Re8 11.Ng5 Rf8 12.Nf3 h6 13.Nbd2 Re8 14.Nf1 Bf8 15.Ng3 Rc8
16.a4 exd4 17.axb5 axb5 18.cxd4 Nb4 19.Bd2 d5 20.Ne5 Nd7 21.f4 Nxe5 22.fxe5 dxe4
23.Qg4 Qxd4+ 24.Be3 Qxe5 25.Nf5 Bc5 26.Bxc5 Qxc5+ 27.Kh1 g5 28.Nxh6+ Kf8
29.Nxf7 Bd5 30.Qf5 Ke7 31.Rxe4+ Bxe4 32.Qxc5+  1-0

[Event "19th Graz Open 2012"]
[Site "Graz AUT"]
[Date "2012.08.28"]
[Round "4.18"]
[White "Scheffknecht,P"]
[Black "Zoebisch,H"]
[Result "1-0"]
[WhiteElo "2065"]
[BlackElo "2108"]

1.e4 e5 2.Nf3 Nc6 3.Bb5 a6 4.Ba4 Nf6 5.O-O Be7 6.Re1 b5 7.Bb3 d6 8.h3 O-O
9.c3 Bb7 10.d4 Re8 11.Nbd2 Bf8 12.d5 Nb8 13.Nf1 Nbd7 14.N3h2 g6 15.Bg5 h6
16.Bxf6 Nxf6 17.Ng4 h5 18.Nxf6+ Qxf6 19.a4 Qe7 20.Qd3 Qd7 21.Ne3 Bh6 22.c4 Bxe3
23.Rxe3 bxc4 24.Bxc4 Rec8 25.Rg3 Kg7 26.Qe2 Rh8 27.Raa3 Bc8 28.a5 Qe7 29.Rab3 h4
30.Rgc3 Rf8 31.Bd3 f5 32.exf5 gxf5 33.Rc6 e4 34.Rbc3 Rf7 35.Bxa6 Bxa6 36.Rxa6 Rxa6
37.Qxa6 f4 38.Qc8 e3 39.fxe3 fxe3 40.Qg4+ Kh6 41.Qe2 Rf2 42.Qxe3+ Qxe3 43.Rxe3 Rxb2
44.Ra3 Rb7 45.Kf2 Kg5 46.Kf3 Kf5 47.a6 Ra7 48.Ra5 Kg5 49.Ke4 Kf6 50.Kf4 Ke7
51.Kg5 Kd7 52.Kxh4 c6 53.dxc6+ Kxc6 54.g4 Kb6 55.Ra3 d5 56.g5 d4 57.g6 Kc5
58.g7 Rxg7 59.a7  1-0

[Event "40th Olympiad Open"]
[Site "Istanbul TUR"]
[Date "2012.09.03"]
[Round "6.39"]
[White "Gruenfeld,Y"]
[Black "Dervishi,E"]
[Result "1-0"]
[WhiteElo "2434"]
[BlackElo "2538"]

1.e4 e5 2.Nf3 Nc6 3.Bb5 a6 4.Ba4 Nf6 5.O-O Be7 6.Re1 b5 7.Bb3 d6 8.c3 O-O
9.h3 Bb7 10.d4 Re8 11.a4 h6 12.Nbd2 Bf8 13.Bc2 g6 14.d5 Ne7 15.b3 c6 16.c4 bxc4
17.bxc4 a5 18.Nb1 Nd7 19.Na3 Nc8 20.Be3 Ncb6 21.Qd2 Kh7 22.Rec1 Nc5 23.Qd1 Qc7
24.Nd2 Ba6 25.dxc6 Qxc6 26.Nb5 Rad8 27.Qe2 Bg7 28.Nb3 Nxb3 29.Bxb3 f5 30.exf5 gxf5
31.Qh5 Rf8 32.c5 Bb7 33.f3 Nd5 34.cxd6 Qd7 35.Bxh6 Bxh6 36.Bxd5 Rc8 37.Bxb7 Qxb7
38.Rc7+ Rxc7 39.dxc7 e4 40.Rd1 Qc6 41.Rd6 Qc5+ 42.Kh1 Qc1+ 43.Kh2 Qg5 44.Rxh6+  1-0

[Event "World Youth U16 Olympiad 2012"]
[Site "Istanbul TUR"]
[Date "2012.09.03"]
[Round "8.21"]
[White "Nasuta,G"]
[Black "Koksal,E"]
[Result "1-0"]
[WhiteElo "2275"]
[BlackElo "2198"]

1.e4 e5 2.Nf3 Nc6 3.Ng1 Nb8 4.Nf3 Nc6 5.Bb5 a6 6.Ba4 Nf6 7.O-O Be7 8.Re1 b5
9.Bb3 d6 10.c3 O-O 11.h3 Bb7 12.d4 Re8 13.Nbd2 Bf8 14.d5 Nb8 15.Nf1 Nbd7
16.N3h2 c6 17.dxc6 Bxc6 18.Bg5 h6 19.Bxf6 Nxf6 20.Ng4 Nh7 21.Ng3 Ng5 22.Ne3 Ne6
23.Qg4 Qg5 24.Qxg5 Nxg5 25.Bd5 Rac8 26.a4 bxa4 27.Bxc6 Rxc6 28.Rxa4 Rb8 29.Ra2 Ne6
30.Nd5 Nf4 31.Nb4 Rcb6 32.Rb1 d5 33.Nxd5 Nxd5 34.exd5 Rb5 35.Rd1 Rxb2 36.Rxb2 Rxb2
37.d6 Rb8 38.c4 Rd8 39.c5 f6 40.Ne4 f5 41.c6  1-0

[Event "40th Olympiad Women"]
[Site "Istanbul TUR"]
[Date "2012.09.04"]
[Round "7.47"]
[White "Finnbogadottir,T"]
[Black "Byun,S"]
[Result "1-0"]
[WhiteElo "1832"]
[BlackElo "1566"]

1.e4 e5 2.Nf3 Nc6 3.Bb5 a6 4.Ba4 Nf6 5.O-O b5 6.Bb3 Be7 7.Re1 O-O 8.c3 d6
9.h3 Bb7 10.d4 h6 11.Bc2 Re8 12.d5 Na5 13.Nbd2 Rc8 14.a4 c6 15.axb5 axb5
16.dxc6 Nxc6 17.Nf1 Qc7 18.Ne3 Ra8 19.Rxa8 Rxa8 20.Nd5 Qd8 21.Be3 Na5 22.Bb6 Qd7
23.Nxe5 Qe6 24.Nc7 Qxe5 25.Nxa8 Nc4 26.Bd4 Nxb2 27.Qa1 Qe6 28.Qxb2 Bxa8 29.Qxb5 Qc8
30.f3 Bc6 31.Qc4 Qa8 32.Rb1 d5 33.exd5 Bxd5 34.Qc7 Bf8 35.Qb8 Qa5 36.Qb5 Qa8
37.Qd3  1-0

[Event "Vladivostok Russian Cup 2012"]
[Site "Vladivostok RUS"]
[Date "2012.09.20"]
[Round "4.5"]
[White "Kokarev,Dm"]
[Black "Kovalenko,I"]
[Result "1-0"]
[WhiteElo "2604"]
[BlackElo "2611"]

1.e4 e5 2.Nf3 Nc6 3.Bb5 a6 4.Ba4 Nf6 5.O-O Be7 6.Re1 b5 7.Bb3 d6 8.c3 O-O
9.h3 Bb7 10.d4 Re8 11.Nbd2 Bf8 12.d5 Ne7 13.Nf1 g6 14.N3h2 Kh8 15.a4 Bg7
16.Ng3 Rf8 17.Qe2 Qd7 18.f4 c6 19.fxe5 dxe5 20.dxc6 Bxc6 21.axb5 Bxb5 22.Qf2 Qc7
23.Bg5 Nfg8 24.Nf3 a5 25.Be3 a4 26.Ba2 Ra6 27.Bc5 Rf6 28.Ba3 Rc8 29.Rad1 Rf4
30.Bd6 Qc6 31.Qa7 Qe8 32.Nxe5 Rf6 33.Nf3 Nc6 34.Qf2 Rxd6 35.Rxd6 Ne5 36.Red1 Bc4
37.Bxc4 Nxc4 38.Rd7 Rb8 39.Ng5 Nh6 40.Qa7 Be5 41.Rxf7 Nxf7 42.Nxf7+ Kg8 43.Nh6+ Kh8
44.Rd7 Qxd7 45.Qxd7 a3 46.Nf7+ Kg8 47.Ng5  1-0

[Event "Tatry Open 2012"]
[Site "Tatranske Zruby SVK"]
[Date "2012.09.25"]
[Round "4.43"]
[White "Jablonicky,F"]
[Black "Chovan,Milan"]
[Result "1/2-1/2"]
[WhiteElo "2173"]
[BlackElo "1786"]

1.e4 e5 2.Nf3 Nc6 3.Bb5 a6 4.Ba4 Nf6 5.O-O Be7 6.Re1 b5 7.Bb3 d6 8.c3 O-O
9.h3 Bb7 10.d4 Re8 11.Nbd2 Bf8 12.d5 Nb8 13.Nf1 c6 14.dxc6 Bxc6 15.Ng3 g6
16.a4 Nbd7 17.Ng5 Re7 18.Qxd6 Rc8 19.axb5 axb5 20.Ra6 Qc7 21.Qxc7 Rxc7 22.Bc2 b4
23.cxb4 Bb5 24.Ra5 Rxc2 25.Rxb5 Re8 26.b3 Rec8 27.Be3 Rb2 28.Nf3 Rxb3 29.Nxe5 Nxe5
30.Rxe5 Bd6 31.Rb5 Bxg3 32.fxg3 Nxe4 33.g4 Rc4 34.Bh6 Rbxb4 35.Re5 f6 36.Re7 g5
37.Rg7+ Kh8 38.Rf7 Rb8 39.Re7 Kg8 40.R1xe4 Rxe4 41.Rxe4 Kf7 42.h4 Rg8 43.hxg5 fxg5
44.Re5 Kf6 45.Rf5+ Kg6 46.Rxg5+ Kxh6 47.Rh5+ Kg6 48.Kh2 Rb8 49.Rf5 Rb3 50.Rf3 Rb5
51.Kg3 Ra5 52.Rb3 Kg5 53.Kh3 h6 54.g3 Re5 55.Rb8 Ra5 56.Rg8+ Kf6 57.Kh4 Kf7
58.Rb8 Kg7 59.Rb6 Rc5 60.Re6 Rb5 61.Re4 Kg6 62.Rf4 Ra5 63.Rf8 Rb5 64.Ra8 Rc5
65.Ra6+ Kg7 66.Rd6 Ra5 67.Rd2 Kg6 68.Rf2 Rb5  1/2-1/2

[Event "Tatry Open 2012"]
[Site "Tatranske Zruby SVK"]
[Date "2012.09.27"]
[Round "6.42"]
[White "Vermirovsky,V"]
[Black "Chovan,Milan"]
[Result "1-0"]
[WhiteElo "2044"]
[BlackElo "1786"]

1.e4 e5 2.Nf3 Nc6 3.Bb5 a6 4.Ba4 Nf6 5.O-O Be7 6.Re1 b5 7.Bb3 d6 8.c3 O-O
9.h3 Bb7 10.d4 Re8 11.Nbd2 Bf8 12.d5 Nb8 13.Nf1 Nbd7 14.Ng3 Nc5 15.Bc2 c6
16.b4 Ncd7 17.dxc6 Bxc6 18.Bb3 h6 19.a4 Nb6 20.a5 Nc4 21.Bxc4 bxc4 22.Qc2 Qc7
23.Be3 Qb7 24.Bb6 Nd7 25.Be3 f5 26.exf5 Bxf3 27.gxf3 Qxf3 28.Rad1 Nf6 29.Qd2 Rad8
30.Bb6 Rd7 31.Re3 Qc6 32.f4 Qb5 33.Ne4 d5 34.Nxf6+ gxf6 35.fxe5 Rxe5 36.Rxe5 fxe5
37.f6 Qc6 38.Qg2+ Kf7 39.Re1 Kxf6 40.Rf1+ Ke7 41.Bc5+ Kd8 42.Rxf8+ Kc7 43.Qg8  1-0

[Event "12th Winterthurer Schachwoche"]
[Site "Winterthur SUI"]
[Date "2012.10.07"]
[Round "2"]
[White "Lampert,J"]
[Black "Lapp,K"]
[Result "1-0"]
[WhiteElo "2299"]
[BlackElo "2096"]

1.e4 e5 2.Nf3 Nc6 3.Bb5 a6 4.Ba4 Nf6 5.O-O Be7 6.Re1 b5 7.Bb3 d6 8.c3 O-O
9.h3 Bb7 10.d4 Re8 11.Ng5 Rf8 12.Nf3 Re8 13.d5 Nb8 14.Nbd2 Nbd7 15.Nf1 h6
16.Ng3 c6 17.dxc6 Bxc6 18.Bc2 Qc7 19.Nh2 Rad8 20.Nf5 Bf8 21.Qf3 Kh7 22.Ng4 Nxg4
23.hxg4 f6 24.g5 g6 25.Nxh6 Bxh6 26.Qh3 Nf8 27.gxf6 Kg8 28.Bxh6 Qh7 29.Bb3+ d5
30.Rad1 Rd6 31.exd5 Bd7 32.Qh4 Kf7 33.Bg5 Qxh4 34.Bxh4 Nh7 35.Bg3 Kxf6 36.Re3 Bf5
37.Rde1 Rd7 38.Bxe5+  1-0

[Event "Danilo Batricevic Mem Balkan GP"]
[Site "Cetinje MNE"]
[Date "2012.10.20"]
[Round "1.20"]
[White "Organdziev,O"]
[Black "Zivkovic,Slaven"]
[Result "1-0"]
[WhiteElo "2311"]
[BlackElo "1724"]

1.e4 e5 2.Nf3 Nc6 3.Bb5 a6 4.Ba4 Nf6 5.O-O b5 6.Bb3 Be7 7.Re1 d6 8.c3 O-O
9.h3 Bb7 10.d4 Re8 11.Nbd2 Bf8 12.a4 h6 13.Bc2 exd4 14.cxd4 Nb4 15.Bb1 c5
16.d5 Nd7 17.Nf1 Qf6 18.Ne3 Ne5 19.Nh2 c4 20.Nhg4 Nxg4 21.Nxg4 Qe7 22.Bd2 Nd3
23.Bxd3 cxd3 24.Ra3 Qh4 25.f3 h5 26.Nf2 g6 27.Rxd3 Rac8 28.axb5 axb5 29.Qb3 Ra8
30.Qb4 Rec8 31.Rc3 Ba6 32.Ra1 Qd8 33.Rxc8 Qxc8 34.Rc1 Qd7 35.Bc3 Be7 36.Ra1 Qb7
37.g4 Rc8 38.Qd4 f6 39.b3 Rc5 40.g5 Kf7 41.gxf6 Rxc3 42.Qxc3 Bxf6 43.Qa5 Bxa1
44.Qxa1 b4 45.e5 dxe5 46.Ne4 Qb6+ 47.Kg2 Bb7 48.Qxe5 Qd8 49.Nd6+  1-0

[Event "NIT Nagpur GM Open 2012"]
[Site "Nagpur IND"]
[Date "2012.10.21"]
[Round "9.14"]
[White "Gusain,H"]
[Black "Swayams,M"]
[Result "1/2-1/2"]
[WhiteElo "2340"]
[BlackElo "2393"]

1.e4 e5 2.Nf3 Nc6 3.Bb5 a6 4.Ba4 Nf6 5.O-O Be7 6.Re1 b5 7.Bb3 O-O 8.h3 d6
9.c3 Bb7 10.d4 Na5 11.Bc2 Nc4 12.b3 Nb6 13.Nbd2 Nfd7 14.Nf1 Re8 15.Ng3 g6
16.a4 bxa4 17.bxa4 a5 18.Bh6 Bf6 19.Nf1 Rb8 20.d5 Ba6 21.N1d2 Nc5 22.Be3 Nbd7
23.Nb3 Nxb3 24.Bxb3 Rb7 25.Nd2 Bg5 26.Bxg5 Qxg5 27.Bc4 Ra8 28.Bxa6 Rxa6 29.Nc4 Qd8
30.Qc2 Qa8 31.Rab1 Raa7 32.g3 Nc5 33.h4 Rxb1 34.Rxb1 Rb7 35.Rxb7 Qxb7 36.Nxa5 Qa6
37.Nc6 Qxa4 38.Qxa4 Nxa4 39.c4 Kf8 40.f3 Ke8 41.Kf1 f5 42.Ke2 Nb2 43.c5  1/2-1/2

[Event "TCh-ESP CECLUB Div Honor 2012"]
[Site "Leon ESP"]
[Date "2012.11.10"]
[Round "6.3"]
[White "Bauer,Ch"]
[Black "Svetushkin,D"]
[Result "1/2-1/2"]
[WhiteElo "2639"]
[BlackElo "2589"]

1.e4 e5 2.Nf3 Nc6 3.Bb5 a6 4.Ba4 Nf6 5.O-O Be7 6.Re1 b5 7.Bb3 d6 8.c3 O-O
9.h3 Bb7 10.d4 Nd7 11.Nbd2 exd4 12.cxd4 Bf6 13.Nf1 Na5 14.Bc2 Re8 15.Rb1 c5
16.d5 Nc4 17.b3 Nce5 18.N3h2 Ng6 19.Bd2 Bg5 20.Ne3 Nf6 21.Nf5 Bxd2 22.Qxd2 Nh5
23.g3 Bc8 24.Kg2 Ra7 25.Ng4 Nf8 26.e5 Bxf5 27.Bxf5 g6 28.Bc2 dxe5 29.Nxe5 Qd6
30.Nc4 Qd8 31.Ne5 Qd6 32.Nc4 Qd8 33.Rxe8 Qxe8 34.Re1 Qd8 35.Ne5 Qd6 36.Ng4 Rd7
37.Re5 Nf6 38.Nh6+ Kh8 39.Qf4 Kg7 40.Qg5 Kh8 41.Bd1 Ng8 42.Re8 Nxh6 43.Qxh6 Kg8
44.Bf3 c4 45.bxc4 bxc4 46.Qe3 Rc7 47.Qc3 h5 48.h4 Rc5 49.Kh2 Rc7  1/2-1/2

[Event "WY BU16 2012"]
[Site "Maribor SLO"]
[Date "2012.11.10"]
[Round "3.17"]
[White "Lampert,J"]
[Black "Koksal,E"]
[Result "1/2-1/2"]
[WhiteElo "2292"]
[BlackElo "2182"]

1.e4 e5 2.Nf3 Nc6 3.Bb5 a6 4.Ba4 Nf6 5.O-O Be7 6.Re1 b5 7.Bb3 d6 8.c3 O-O
9.h3 Bb7 10.d4 Re8 11.Ng5 Rf8 12.Nf3 Re8 13.Nbd2 Bf8 14.d5 Nb8 15.Nf1 h6
16.N3h2 Nbd7 17.Ng4 Nxg4 18.Qxg4 g6 19.Ne3 h5 20.Qf3 Bh6 21.a4 Nc5 22.Bc2 bxa4
23.Bxa4 Rf8 24.Bc2 a5 25.b3 Qd7 26.g4 h4 27.Qf6 Qd8 28.Qxd8 Rfxd8 29.Nc4 Bxc1
30.Rexc1 a4 31.b4 Nb3 32.Bxb3 axb3 33.Rxa8 Rxa8 34.Na5 Ba6 35.c4 f5 36.gxf5 gxf5
37.exf5 Bc8 38.Rb1 Bxf5 39.Rxb3 Kf7 40.Rf3 Kf6 41.Kh2 Kg5 42.Ra3 Kf4 43.Ra1 Rg8
44.Nc6 Kf3 45.Ra3+ Kxf2 46.Ra2+ Ke3 47.Ne7 Rg5 48.c5 Be4 49.cxd6 cxd6 50.Rb2 Rg7
51.Nc8 Rd7 52.b5 Rd8 53.Ne7 Ra8 54.Rb3+ Kd4 55.Kg1 Bxd5 56.Rb4+ Kc5 57.Rxh4 Ra1+
58.Kf2 Rb1 59.Rh8 Rb2+ 60.Ke3 Rb3+ 61.Kd2 Bc4 62.Rc8+ Kxb5 63.Rb8+ Kc5 64.Rc8+ Kb5
65.Rb8+ Kc5 66.Rc8+ Kb4 67.Rb8+ Bb5 68.Nd5+ Kc4 69.Nc7 Bc6 70.Rxb3 Kxb3 71.h4 Bf3
72.Ne8 d5 73.Nf6 Kc4 74.h5 e4 75.Nxd5 Kxd5 76.h6  1/2-1/2

[Event "TCh-CZE Div1 Zapad 2012-13"]
[Site "Czech Republic CZE"]
[Date "2012.11.11"]
[Round "2.1"]
[White "Petenyi,T"]
[Black "Sodoma,J"]
[Result "1-0"]
[WhiteElo "2457"]
[BlackElo "2380"]

1.e4 e5 2.Nf3 Nc6 3.Bb5 a6 4.Ba4 Nf6 5.O-O Be7 6.Re1 b5 7.Bb3 d6 8.c3 O-O
9.h3 Bb7 10.d4 Re8 11.Nbd2 Bf8 12.a3 g6 13.Ba2 Bg7 14.b4 Qd7 15.d5 Ne7 16.Nb3 c6
17.dxc6 Nxc6 18.Bg5 Qe7 19.Nbd2 h6 20.Bxf6 Qxf6 21.Nf1 Ne7 22.Qd3 Red8 23.Ne3 h5
24.Rad1 Rac8 25.c4 Qf4 26.Nf1 bxc4 27.Bxc4 d5 28.Bxa6 Bxa6 29.Qxa6 dxe4 30.N3d2 Rd4
31.Qb7 Bf8 32.Rxe4 Rxe4 33.Nxe4 Rc2 34.Rd8 Nc6 35.Qc8 Qxe4 36.Rxf8+ Kg7 37.Rg8+ Kf6
38.Qd7 Qf4 39.f3 Rc1 40.Qd6+ Kg5 41.Qd3 Nd4 42.Re8 Nf5 43.Kf2 h4 44.Rd8 Ng3
45.Ne3 Nh1+ 46.Ke2 Qg3 47.Qd2 Qf2+ 48.Kd3 Ra1 49.Nc2+ Qxd2+ 50.Kxd2 Rg1 51.Ne1 Ng3
52.b5 e4 53.fxe4 Nxe4+ 54.Ke2 Kf4 55.b6  1-0

[Event "VIII Governor's Cup"]
[Site "Khanty-Mansiysk RUS"]
[Date "2012.11.21"]
[Round "7.11"]
[White "Matsenko,S"]
[Black "Gordievsky,D"]
[Result "0-1"]
[WhiteElo "2465"]
[BlackElo "2422"]

1.e4 e5 2.Nf3 Nc6 3.Bb5 a6 4.Ba4 Nf6 5.O-O Be7 6.Re1 b5 7.Bb3 d6 8.c3 O-O
9.h3 Bb7 10.d4 Re8 11.Ng5 Rf8 12.Nf3 Re8 13.Nbd2 Bf8 14.a3 h6 15.d5 Nb8 16.Nh2 Nbd7
17.Qf3 g6 18.Ndf1 h5 19.Bg5 Be7 20.Rad1 Nh7 21.Bc1 Bg5 22.Bxg5 Qxg5 23.Qe2 Bc8
24.Nf3 Qh6 25.Bc2 Ndf6 26.c4 Ng5 27.Rc1 Kg7 28.Nxg5 Qxg5 29.Qe3 Qxe3 30.Rxe3 Bd7
31.cxb5 axb5 32.Rc3 Rec8 33.Bd3 Ne8 34.Ne3 b4 35.axb4 Rab8 36.Nc2 Bb5 37.Bxb5 Rxb5
38.Ra1 Rb7 39.Ra6 h4 40.Rc4 Rcb8 41.f3 f5 42.Kf2 fxe4 43.fxe4 Nf6 44.Ke3 Kh6
45.Rac6 Nh5 46.Rxc7 Rxc7 47.Rxc7 Nf4 48.Rc6 Nxg2+ 49.Kf3 Nf4 50.Rxd6 Rf8
51.b5 Nxh3+ 52.Kg4 Nf2+ 53.Kxh4 Rf4+ 54.Kg3 Nxe4+  0-1

[Event "9th Vasylyshyn Mem GM"]
[Site "Lviv UKR"]
[Date "2012.11.27"]
[Round "8"]
[White "Vetoshko,V"]
[Black "Semcesen,D"]
[Result "1/2-1/2"]
[WhiteElo "2283"]
[BlackElo "2484"]

1.e4 e5 2.Nf3 Nc6 3.Bb5 a6 4.Ba4 Nf6 5.O-O Be7 6.Re1 b5 7.Bb3 d6 8.c3 O-O
9.h3 Re8 10.Ng5 Rf8 11.Nf3 Bb7 12.d4 h6 13.Nbd2 Re8 14.Nf1 Bf8 15.Ng3 Na5
16.Bc2 Nc4 17.a4 c5 18.axb5 axb5 19.Rxa8 Qxa8 20.dxc5 dxc5 21.Nh2 Nd6 22.Qf3 Be7
23.Ng4 Nxg4 24.Qxg4 Kh8 25.Nf5 Bf8 26.Nxd6 Bxd6 27.Qd7 Be7 28.Qf5 f6 29.Qg6 Bf8
30.Kh2 Rd8 31.f4 Qb8 32.Rf1 Qd6 33.Rd1 Qe7 34.Rxd8 Qxd8 35.fxe5 fxe5 36.Qf7 Bc6
37.Be3 Qd6 38.b3 Be7 39.c4 b4 40.Qf5 Kg8 41.Qf2 Be8 42.Qd2 Qxd2 43.Bxd2 Bg5
44.Bxg5 hxg5 45.g4 Kf7 46.Kg3 Kf6 47.Kf3 Bd7 48.Bd1 Be8 49.Bc2 Bd7 50.Bd1 Be8  1/2-1/2

[Event "62nd ch-GRE 2012"]
[Site "Athens GRE"]
[Date "2012.12.01"]
[Round "8"]
[White "Filippas,S"]
[Black "Mastrovasilis,A"]
[Result "1/2-1/2"]
[WhiteElo "2310"]
[BlackElo "2500"]

1.e4 e5 2.Nf3 Nc6 3.Bb5 a6 4.Ba4 Nf6 5.O-O Be7 6.Re1 b5 7.Bb3 d6 8.c3 O-O
9.h3 Bb7 10.d4 Nd7 11.a3 Na5 12.Ba2 Bf6 13.d5 Nb6 14.b4 Nac4 15.a4 c6 16.a5 cxd5
17.axb6 dxe4 18.Nh2 Qxb6 19.Ng4 Bh4 20.Bxc4 bxc4 21.Ne3 d5 22.Ra2 Rad8 23.Qh5 Bf6
24.Ng4 g6 25.Nxf6+ Qxf6 26.Qg4 Qc6 27.Qg3 Qe6 28.Bh6 Rfe8 29.Nd2 f5 30.f4 d4
31.Ra5 dxc3 32.Qxc3 Rd3 33.Qc2 c3 34.Nb3 Qc4 35.Rxe5 Rxe5 36.fxe5 Qxb4 37.Kh2 Qe7
38.Bf4 g5 39.Bg3 f4 40.Bf2 g4 41.hxg4 h5 42.Rd1 hxg4 43.Rxd3 exd3 44.Qxd3 g3+
45.Bxg3 fxg3+ 46.Qxg3+ Qg7 47.Qxg7+ Kxg7 48.Kg3 a5 49.Kf4 a4 50.Na1 Bxg2
51.Ke3 Kg6 52.Kd3 Kf5 53.Kxc3 Kxe5  1/2-1/2

[Event "5th Kolkata Open"]
[Site "Kolkata IND"]
[Date "2012.12.07"]
[Round "5"]
[White "Hossain,Enam"]
[Black "Iordachescu,V"]
[Result "1/2-1/2"]
[WhiteElo "2496"]
[BlackElo "2619"]

1.e4 e5 2.Nf3 Nc6 3.Bb5 a6 4.Ba4 Nf6 5.O-O Be7 6.Re1 b5 7.Bb3 d6 8.c3 O-O
9.h3 Bb7 10.d4 Nd7 11.a3 Na5 12.Ba2 c5 13.b4 cxb4 14.cxb4 Nc4 15.Nbd2 Ndb6
16.Nxc4 Nxc4 17.Bxc4 bxc4 18.Bb2 a5 19.b5 Rc8 20.Bc3 f5 21.dxe5 fxe4 22.Nd4 Bh4
23.Ra2 dxe5 24.Ne6 e3 25.Nxd8 exf2+ 26.Kh2 Rcxd8 27.Qc1 Rd3 28.Rf1 Bg3+ 29.Kh1 Bf4
30.Raxf2 Rxh3+ 31.Kg1 Bh2+ 32.Kh1 Bf4+ 33.Kg1 Bh2+ 34.Kh1 Bf4+  1/2-1/2

[Event "TCh-CZE Div1 Zapad 2012-13"]
[Site "Czech Republic CZE"]
[Date "2012.12.09"]
[Round "4.1"]
[White "Rasik,V"]
[Black "Sodoma,J"]
[Result "1/2-1/2"]
[WhiteElo "2516"]
[BlackElo "2380"]

1.e4 e5 2.Nf3 Nc6 3.Bb5 a6 4.Ba4 Nf6 5.O-O Be7 6.Re1 b5 7.Bb3 d6 8.c3 O-O
9.h3 Bb7 10.d4 Re8 11.Nbd2 Bf8 12.a3 h6 13.d5 Nb8 14.Nh2 Nbd7 15.Ng4 c6 16.dxc6 Bxc6
17.Qf3 Qc7 18.Nf1 Qb7 19.Ng3 d5 20.Bxh6 Re6 21.Bg5 Nxe4 22.Nxe4 dxe4 23.Qg3 Bd5
24.Bxd5 Qxd5 25.Rad1 Qc6 26.Rxd7 Qxd7 27.Nf6+ Rxf6 28.Bxf6 Re8 29.Rxe4 Qf5
30.Rxe5 Rxe5 31.Bxe5 Qb1+ 32.Kh2 Qxb2 33.Bd6 Bxd6 34.Qxd6 Qxf2  1/2-1/2